Loading...
The circle of reason /
In a vivid and magical story, this novel traces the misadventures of Alu, a young master weaver in a small Bengali village who is falsely accused of terrorism. Alu flees his home, traveling through Bombay to the Persian Gulf to North Africa with a bird-watching policeman in pursuit.
| Main Author: | |
|---|---|
| Format: | Printed Book |
| Language: | English |
| Published: |
New Delhi:
Pemanen lake & Ravi Dayal ,
c1986
|
| LEADER | 00863nam a22001697a 4500 | ||
|---|---|---|---|
| 008 | 210305b ||||| |||| 00| 0 eng d | ||
| 020 | |a 8175300396 | ||
| 082 | |2 23 |a 823.914 | ||
| 100 | 1 | |9 188324 |a Ghosh, Amitav | |
| 245 | |a The circle of reason / |c Amitav ghosh |h English | ||
| 260 | |a New Delhi: |b Pemanen lake & |b Ravi Dayal , |c c1986 | ||
| 300 | |a 423p. |c 24cm. | ||
| 520 | |a In a vivid and magical story, this novel traces the misadventures of Alu, a young master weaver in a small Bengali village who is falsely accused of terrorism. Alu flees his home, traveling through Bombay to the Persian Gulf to North Africa with a bird-watching policeman in pursuit. | ||
| 650 | |2 Fiction | ||
| 942 | |c BK | ||
| 999 | |c 357630 |d 357630 | ||
| 952 | |0 0 |1 0 |2 ddc |4 0 |6 823_914000000000000_GHO_C |7 0 |9 414732 |a SDE |b SDE |c ST1 |d 2021-03-05 |g 250.00 |i 2201 |l 0 |o 823.914 GHO/C |p SDE2201 |r 2021-03-05 |y BK | ||